01388nam a2200313 i 4500001001000000003000900010005001700019007000300036008004100039040003000080082001400110100005500124245015200179246010600331264003300437300002700470336002700497337003300524338002800557490004000585500000600625504003400631590002700665710008700692942001400779952014600793952011800939999001701057000031712DO-SdBNP20240306083937.0ta110630e1987 dr 000 0 spa d aDO-SdBNPbspacBNPHUerda bA445r2221 aAlmánzar García, José Nicolás93006eautor10a"Régimen municipal y provincial en la República Dominicana":bfolleto para la formación políticacpor José Nicolás Almánzar García.13aInstituto de Formación política del Partido Reformista :bfolleto para la formación política. 1aSanto Domingo :bIFP,c1987. a92 páginas :c21 cm. 2rdacontentatextobtxt 2rdamediaasin mediaciónbn 2rdacarrieravolumenbnc aPartido Reformista Social Cristiano a  aBibliografía página [96]. aInventariado 2023 / MF2 aInstituto de Formación Política del Partido Reformista Social Cristiano955055 2ddccLBS1 00102ddc51708PDaBNPHUbBNPHUcCTd2014-12-30eDonado por Barbara Suncarl0oA445rp2024-0049r2020-06-25w2020-06-25yLBS1ZNo se presta 00112ddc718PDaPDbPDcMId2011-06-30iLF1l0oxxx A445rp31713-10r2020-06-25w2020-06-25yLBS1ZNo se presta c31204d31204